| 000 | 00358nam a2200145Ia 4500 | ||
|---|---|---|---|
| 008 | 230917s9999||||xx |||||||||||||| ||und|| | ||
| 040 |
_e139006 _aMAIN |
||
| 041 | _aEnglish | ||
| 082 | _a823.09 K458E | ||
| 100 | _aKermode, Frank | ||
| 245 | 0 | _aEssays on fiction 1971-82 | |
| 260 |
_aLondon _bRoutledge & Kegan Paul _c1982 |
||
| 300 | _a227 p. | ||
| 942 | _cBK | ||
| 999 |
_c40872 _d40872 |
||